| 000 | 00802nam a2200229Ia 4500 | ||
|---|---|---|---|
| 999 |
_c4576 _d4576 |
||
| 003 | OSt | ||
| 005 | 20200504123000.0 | ||
| 008 | 191128s1989 ck gr 000 0dspa d | ||
| 040 |
_aCO-JMCR _cCO-JMCR |
||
| 041 | 0 | _aspa | |
| 082 | 0 | 4 |
_a305.8 / _bZ35c |
| 100 | 1 |
_aZapata Olivella, Manuel, _eautor _9889 |
|
| 245 | 1 | 4 |
_aLas claves magicas de america / _cManuel Zapata Olivella |
| 260 |
_aBogotá : _bPlaza y Janes, _c1989 |
||
| 300 |
_a180 páginas ; _c19 cm. |
||
| 490 | 0 |
_aSelección cultura colombiana ; _v17 |
|
| 500 | _aIncluye datos biográficos del autor en contra portada. | ||
| 505 | _aGenocidios, esclavitud y servidumbre y la raza indígena -- Opresión Racial y explotación cultural | ||
| 650 | 1 | 4 |
_aDiscriminación racial _93851 |
| 650 | 2 | 4 |
_aGente indígena _93860 |
| 942 |
_2ddc _cBK |
||